Salvados en esperanza (Record no. 39947)

MARC details
000 -LEADER
campo de control de longitud fija 00251nam a2200109Ia 4500
005 - FECHA Y HORA DE LA ÚLTIMA TRANSACCIÓN
campo de control 20251222155201.0
008 - DATOS DE LONGITUD FIJA--INFORMACIÓN GENERAL
campo de control de longitud fija 251222s9999||||xx |||||||||||||| ||spa||
082 ## - NÚMERO DE LA CLASIFICACIÓN DECIMAL DEWEY
Número de clasificación REL.194
100 ## - ENTRADA PRINCIPAL--NOMBRE DE PERSONA
Nombre de persona BENEDICTO XVI.
245 #0 - MENCIÓN DEL TÍTULO
Título Salvados en esperanza
942 ## - ELEMENTOS DE ENTRADA SECUNDARIOS (KOHA)
Tipo de ítem Koha Libros
Holdings
Estatus retirado Estado de pérdida Estado de daño No para préstamo Biblioteca de origen Biblioteca actual Ubicación en estantería Fecha de adquisición Total de préstamos Signatura topográfica completa Código de barras Visto por última vez Precio de reemplazo Tipo de ítem Koha
        Biblioteca Tezza Biblioteca Tezza Programa 22/12/2025   REL.194 0035195 22/12/2025 22/12/2025 Libros